La investigación criminal en el sitio del suceso.
Uloženo v:
| Hlavní autor: | |
|---|---|
| Médium: | Neznámo |
| Vydáno: |
Santiago, Chile:
Ediciones Jurídicas de Santiago,
2022.
|
| Vydání: | Primera edición |
| Témata: | |
| Tagy: |
Přidat tag
Žádné tagy, Buďte první, kdo vytvoří štítek k tomuto záznamu!
|
MARC
| LEADER | 00000 a2200000 4500 | ||
|---|---|---|---|
| 003 | CL-VaPUC | ||
| 005 | 20220908164907.0 | ||
| 008 | 220826t2022 ||||| |||| 00| 0 eng d | ||
| 999 | |c 438515 |d 438513 | ||
| 020 | |a 978-956-6178-17-0 | ||
| 040 | |c Pontificia Universidad Católica de Valparaíso | ||
| 082 | |2 22 |a 363.25 FUE 2022 | ||
| 100 | |a Fuenzalida Mora, Raúl |9 875974 |e autor | ||
| 245 | |a La investigación criminal en el sitio del suceso. | ||
| 250 | |a Primera edición | ||
| 260 | |a Santiago, Chile: |b Ediciones Jurídicas de Santiago, |c 2022. | ||
| 300 | |a 257 páginas; ilustraciones. | ||
| 583 | |k Catalogador Asistente |c 20220826 | ||
| 650 | 0 | |9 337938 |a Criminalística |x Evidencias | |
| 650 | 0 | |9 265346 |a Investigación criminal | |
| 650 | 0 | |9 876172 |a Sitio del suceso |x Tipologías |x Metodología de trabajo | |
| 650 | 0 | |9 224143 |a Delitos |x Investigación científica | |
| 942 | |2 ddc |c BK | ||
| 952 | |0 0 |1 0 |2 ddc |4 0 |6 363_250000000000000_FUE_2022 |7 0 |8 A |9 586430 |a BIBDER |b BIBDER |c GEN |d 2022-08-26 |e 22 |g 32500.00 |i 5654426 |l 0 |o 363.25 FUE 2022 |p 5654426 |r 2023-01-25 |t 1 |v 32500.00 |w 2022-08-26 |y BK |k DER | ||